[Event "Porec op 12th"]
[Site "Porec"]
[Date "2012.12.08"]
[Round "5"]
[White "Bradaric, Ratomir"]
[Black "Babic, Radoslav"]
[Result "0-1"]
[WhiteElo "2000"]
[BlackElo "2177"]
[PlyCount "48"]
[EventDate "2012.12.06"]
[EventType "swiss"]
[EventRounds "7"]
[EventCountry "CRO"]
[SourceTitle "CBM 151 Extra"]
[Source "ChessBase"]
[SourceDate "2012.12.18"]
[SourceVersion "1"]
[SourceVersionDate "2012.12.18"]
[SourceQuality "1"]

1. e4 e5 2. Bc4 Nf6 3. d3 Nc6 4. a3 Be7 5. Nc3 d6 6. Bg5 Nd4 7. Bxf6 Bxf6 8. Nge2 Ne6 9. 0-0 0-0 10. Ng3 g6 11. Rb1 c6 12. Nce2 Bg7 13. Qd2 Qh4 14. c3 Bh6 15. Qd1 Nf4 16. Re1 Bg4 17. f3 Nxg2 18. Rf1 Ne3 19. Qe1 Nxf1 20. Qxf1 Be3+ 21. Kh1 Bh3 22. Qe1 Qf6 23. Ng1 Bxg1 24. Kxg1 Qxf3 0-1

[Event "Porec op 12th"]
[Site "Porec"]
[Date "2012.12.07"]
[Round "3"]
[White "Bradaric, Ratomir"]
[Black "Ikica, Ante"]
[Result "1-0"]
[WhiteElo "2000"]
[BlackElo "1996"]
[PlyCount "81"]
[EventDate "2012.12.06"]
[EventType "swiss"]
[EventRounds "7"]
[EventCountry "CRO"]
[SourceTitle "CBM 151 Extra"]
[Source "ChessBase"]
[SourceDate "2012.12.18"]
[SourceVersion "1"]
[SourceVersionDate "2012.12.18"]
[SourceQuality "1"]

1. e4 g6 2. Bc4 Bg7 3. d3 c6 4. Nc3 d6 5. a3 Nf6 6. Bg5 Qa5 7. Qd2 h6 8. Bxf6 exf6 9. Nge2 0-0 10. 0-0 b5 11. Ba2 Na6 12. Ng3 Nc7 13. f4 d5 14. exd5 Nxd5 15. f5 Kh7 16. Kh1 Bd7 17. b4 Qc7 18. Nxd5 cxd5 19. Bxd5 Rad8 20. c4 Bc8 21. Qf4 Qxf4 22. Rxf4 h5 23. a4 g5 24. Rff1 h4 25. Ne4 bxc4 26. dxc4 Rfe8 27. Nc3 Re3 28. Nb5 a6 29. Nd4 Kg8 30. b5 h3 31. Rae1 hxg2+ 32. Kxg2 Ra3 33. Nc6 Rf8 34. Ne7+ Kh7 35. Nxc8 Rxc8 36. bxa6 Rxa4 37. Ra1 Rb4 38. a7 Bf8 39. a8Q Rxa8 40. Rxa8 Bc5 41. Ra2 1-0

[Event "Kastel Novi Sedlar CC-ch"]
[Site "Kastel Novi"]
[Date "2012.02.10"]
[Round "9"]
[White "Bradaric, Ratomir"]
[Black "Raskovic, Radomir"]
[Result "1-0"]
[WhiteElo "2013"]
[BlackElo "1622"]
[PlyCount "53"]
[EventDate "2012.01.22"]
[EventType "tourn"]
[EventRounds "11"]
[EventCountry "CRO"]
[SourceTitle "EXT 2014"]
[Source "ChessBase"]
[SourceDate "2013.11.20"]
[SourceVersion "1"]
[SourceVersionDate "2013.11.20"]
[SourceQuality "1"]

1. e4 e5 2. Bc4 Nf6 3. d3 Nc6 4. a3 a5 5. Nc3 Bc5 6. h3 d6 7. Bg5 Be6 8. Nd5 Bxd5 9. Bxd5 Qe7 10. Ne2 Nd8 11. Ng3 Qd7 12. Bxf6 gxf6 13. Nh5 Qe7 14. Qf3 c6 15. Nxf6+ Kf8 16. Bb3 Ne6 17. Bxe6 Qxe6 18. 0-0 Ke7 19. Nh5 f6 20. Ng7 Qf7 21. Nf5+ Kd7 22. b4 Bb6 23. Rab1 a4 24. c4 Bd8 25. Rfd1 b5 26. cxb5 cxb5 27. d4 1-0

[Event "Kastel Novi Sedlar CC-ch"]
[Site "Kastel Novi"]
[Date "2012.01.29"]
[Round "4"]
[White "Bradaric, Ratomir"]
[Black "Duvnjak, Pero"]
[Result "1/2-1/2"]
[WhiteElo "2013"]
[BlackElo "1819"]
[PlyCount "64"]
[EventDate "2012.01.22"]
[EventType "tourn"]
[EventRounds "11"]
[EventCountry "CRO"]
[SourceTitle "EXT 2014"]
[Source "ChessBase"]
[SourceDate "2013.11.20"]
[SourceVersion "1"]
[SourceVersionDate "2013.11.20"]
[SourceQuality "1"]

1. e4 c6 2. Bc4 e6 3. d4 d5 4. exd5 cxd5 5. Bd3 g6 6. Ne2 Bg7 7. Ng3 Nf6 8. c3 0-0 9. Nd2 a6 10. Nf3 b6 11. a3 Bb7 12. Be3 Nbd7 13. Bf4 Ng4 14. h3 Nh6 15. 0-0 f6 16. Re1 Re8 17. Qd2 Nf7 18. Bc2 e5 19. dxe5 fxe5 20. Be3 e4 21. Nd4 Nde5 22. Rab1 Qh4 23. Bd1 Nc4 24. Qe2 Nxe3 25. Qxe3 Bh6 26. Qe2 Ne5 27. Bb3 Kh8 28. Bc2 Re7 29. Nf1 Rf8 30. Ne3 Bxe3 31. fxe3 Bc8 32. Rf1 Ree8 1/2-1/2

[Event "Mediterranean op 5th"]
[Site "Rijeka"]
[Date "2011.11.15"]
[Round "5"]
[White "Savic, Miroslav"]
[Black "Bradaric, Ratomir"]
[Result "1-0"]
[WhiteElo "2264"]
[BlackElo "2013"]
[PlyCount "47"]
[EventDate "2011.11.11"]
[EventType "swiss"]
[EventRounds "9"]
[EventCountry "CRO"]
[SourceTitle "EXT 2012"]
[Source "ChessBase"]
[SourceDate "2011.11.24"]
[SourceVersion "1"]
[SourceVersionDate "2011.11.24"]
[SourceQuality "1"]

1. d4 d5 2. c4 Nf6 3. cxd5 Nxd5 4. e4 Nb6 5. Nc3 Nc6 6. Be3 e6 7. Nf3 Be7 8. Be2 0-0 9. 0-0 Bf6 10. Rc1 a6 11. a3 g6 12. b4 Na7 13. Qb3 c6 14. Rfd1 Nd7 15. a4 b5 16. a5 Bb7 17. e5 Be7 18. Bd3 Nc8 19. Ne4 Rb8 20. Bb1 Ra8 21. Neg5 h6 22. Nxe6 fxe6 23. Qxe6+ Rf7 24. Ba2 1-0

[Event "Mediterranean op 5th"]
[Site "Rijeka"]
[Date "2011.11.11"]
[Round "1"]
[White "Kozul, Zdenko"]
[Black "Bradaric, Ratomir"]
[Result "1-0"]
[WhiteElo "2577"]
[BlackElo "2013"]
[PlyCount "72"]
[EventDate "2011.11.11"]
[EventType "swiss"]
[EventRounds "9"]
[EventCountry "CRO"]
[SourceTitle "EXT 2012"]
[Source "ChessBase"]
[SourceDate "2011.11.24"]
[SourceVersion "1"]
[SourceVersionDate "2011.11.24"]
[SourceQuality "1"]

1. d4 d5 2. c4 e6 3. Nf3 Nf6 4. g3 Be7 5. Bg2 0-0 6. 0-0 b6 7. Nc3 c6 8. Bg5 Nbd7 9. cxd5 exd5 10. Qb3 Ne4 11. Bxe7 Qxe7 12. Rfc1 Nxc3 13. Qxc3 Bb7 14. e3 f6 15. Ne1 Kh8 16. Nd3 Rfe8 17. a4 Rab8 18. a5 Rbc8 19. axb6 axb6 20. Ra7 Rb8 21. Qb4 Qe6 22. Nf4 Qf7 23. Qd6 g5 24. Nxd5 Re6 25. Qc7 cxd5 26. Rxb7 Rxb7 27. Qxb7 Rd6 28. Rc6 Qe6 29. Rxd6 Qxd6 30. Bxd5 Qe6 31. Bc6 Nf8 32. Bd5 Qd7 33. Qxd7 Nxd7 34. Bc6 Nf8 35. Kg2 h5 36. Be8 Kg7 1-0

[Event "Split op 1st"]
[Site "Split"]
[Date "2011.08.08"]
[Round "4"]
[White "Bender, Ivan"]
[Black "Bradaric, Ratomir"]
[Result "1-0"]
[WhiteElo "2273"]
[BlackElo "2050"]
[PlyCount "157"]
[EventDate "2011.08.05"]
[EventType "swiss"]
[EventRounds "9"]
[EventCountry "CRO"]
[SourceTitle "CBM 143 Extra"]
[Source "ChessBase"]
[SourceDate "2011.08.29"]
[SourceVersion "1"]
[SourceVersionDate "2011.08.29"]
[SourceQuality "1"]

1. d4 d5 2. c4 e6 3. Nc3 Nf6 4. Bg5 Be7 5. e3 0-0 6. Qc2 Nc6 7. a3 dxc4 8. Bxc4 Nd5 9. Bxe7 Ncxe7 10. Nf3 c6 11. 0-0 Nxc3 12. Qxc3 Nd5 13. Qc2 Qf6 14. Rac1 Qe7 15. Rfd1 f6 16. Ba2 Kh8 17. Bb1 f5 18. Re1 Nf6 19. Ne5 Nd7 20. Red1 Nf6 21. Qe2 Qe8 22. f4 Bd7 23. Rf1 Qe7 24. Rf3 Be8 25. Rh3 Kg8 26. g4 fxg4 27. Nxg4 g6 28. Ne5 Rc8 29. Nf3 c5 30. Ne5 Nd7 31. Ng4 Bf7 32. dxc5 Rxc5 33. Rd1 Nf6 34. Ne5 Rfc8 35. Rf3 Rc1 36. Rff1 Rxd1 37. Rxd1 Qc5 38. Kf2 Qe7 39. Qf3 Rf8 40. Rg1 Rd8 41. Rd1 Nd5 42. Be4 Kg7 43. Rd4 Qh4+ 44. Qg3 Qe7 45. Qg5 Nf6 46. Bf3 Rxd4 47. exd4 Qd6 48. Ke3 Qc7 49. Qg2 b6 50. Qd2 Be8 51. Qc3 Qe7 52. Qc8 Bf7 53. Nc6 Qd6 54. Nxa7 Nd5+ 55. Bxd5 Qxd5 56. Qc6 Qa5 57. Nc8 Qe1+ 58. Kd3 Qd1+ 59. Kc4 Qc2+ 60. Kb5 Qxb2+ 61. Ka6 Qxa3+ 62. Kb7 Qe3 63. Qc7 Qxd4 64. Nd6 Qd5+ 65. Kxb6 Qb3+ 66. Ka7 Qa4+ 67. Kb8 Qb3+ 68. Kc8 e5 69. fxe5 Qh3+ 70. Qd7 Qc3+ 71. Kb8 Qb3+ 72. Ka7 Qe6 73. Qb7 Qa2+ 74. Kb8 Qb3 75. Nb5 Kh6 76. Nd6 Qxb7+ 77. Kxb7 Be6 78. Ne8 Kg5 79. Kc7 1-0

[Event "Mediterranean op-B 4th"]
[Site "Rijeka"]
[Date "2010.11.14"]
[Round "3"]
[White "Ivanov, Borislav"]
[Black "Bradaric, Ratomir"]
[Result "1-0"]
[WhiteElo "2194"]
[BlackElo "2081"]
[PlyCount "27"]
[EventDate "2010.11.13"]
[EventType "swiss"]
[EventRounds "9"]
[EventCountry "CRO"]
[SourceTitle "EXT 2011"]
[Source "ChessBase"]
[SourceDate "2010.11.26"]
[SourceVersion "1"]
[SourceVersionDate "2010.11.26"]
[SourceQuality "1"]

1. d4 d5 2. c4 Nf6 3. Nf3 e6 4. g3 Be7 5. Bg2 0-0 6. 0-0 c6 7. Nbd2 Qc7 8. Qc2 Ne4 9. Nxe4 dxe4 10. Qxe4 c5 11. Bf4 Qd8 12. Rad1 cxd4 13. Nxd4 Qb6 14. Nb5 1-0

[Event "Omis op"]
[Site "Omis"]
[Date "2005.10.13"]
[Round "6"]
[White "Bradaric, Ratomir"]
[Black "Batinic, Josip"]
[Result "0-1"]
[WhiteElo "2109"]
[BlackElo "1949"]
[PlyCount "107"]
[EventDate "2005.10.10"]
[EventType "swiss"]
[EventRounds "9"]
[EventCountry "CRO"]
[SourceTitle "CBM 108 Extra"]
[Source "ChessBase"]
[SourceDate "2005.11.04"]
[SourceVersion "1"]
[SourceVersionDate "2005.11.04"]
[SourceQuality "1"]

1. e4 c5 2. Bc4 Nc6 3. a3 d6 4. d3 Nf6 5. Nc3 e6 6. Ba2 Be7 7. Nge2 a6 8. a4 b6 9. 0-0 0-0 10. f4 Re8 11. Ng3 Nd4 12. Be3 e5 13. f5 Bb7 14. Nh5 Rf8 15. Nxf6+ Bxf6 16. Nd5 Ra7 17. c3 Nc6 18. Qh5 h6 19. Rf3 Bg5 20. f6 g6 21. Qg4 Bc8 22. Qg3 Bxe3+ 23. Rxe3 Be6 24. Rf1 Kh7 25. Qh4 Rg8 26. Ref3 g5 27. Qh5 g4 28. Rg3 Rg5 29. Qh4 Qg8 30. Re3 b5 31. axb5 axb5 32. Bb3 b4 33. Bd1 bxc3 34. bxc3 Ra3 35. Rg3 Qg6 36. Re3 Bxd5 37. exd5 Nb8 38. c4 Nd7 39. Qf2 h5 40. Qb2 Ra7 41. Qf2 Qg8 42. h4 Rg6 43. Bc2 Rxf6 44. Qe2 Rxf1+ 45. Qxf1 Kh8 46. Qc1 Kg7 47. Re1 f6 48. Rf1 Qh8 49. d4 cxd4 50. Bf5 Nc5 51. Qb2 Rb7 52. Qa3 Qb8 53. Qg3 Rb3 54. Qf2 0-1

[Event "Omis op"]
[Site "Omis"]
[Date "2005.10.11"]
[Round "3"]
[White "Armanda, Ivica"]
[Black "Bradaric, Ratomir"]
[Result "1-0"]
[WhiteElo "2343"]
[BlackElo "2109"]
[PlyCount "69"]
[EventDate "2005.10.10"]
[EventType "swiss"]
[EventRounds "9"]
[EventCountry "CRO"]
[SourceTitle "CBM 108 Extra"]
[Source "ChessBase"]
[SourceDate "2005.11.04"]
[SourceVersion "1"]
[SourceVersionDate "2005.11.04"]
[SourceQuality "1"]

1. d4 d5 2. c4 Nf6 3. cxd5 Nxd5 4. e4 Nf6 5. e5 Nd5 6. Nf3 Bg4 7. Be2 e6 8. 0-0 c6 9. Nc3 Nxc3 10. bxc3 Be7 11. h3 Bh5 12. a4 Nd7 13. Nd2 Bg6 14. Bf3 0-0 15. a5 Qc7 16. Nc4 f6 17. a6 b6 18. Bf4 fxe5 19. Bxe5 Nxe5 20. Nxe5 Be8 21. Qb3 Bd6 22. Qxe6+ Kh8 23. Rfe1 Bf7 24. Qg4 Bd5 25. Bxd5 cxd5 26. Rac1 Rf6 27. c4 dxc4 28. Rxc4 Qd8 29. Rec1 Qe7 30. Rc8+ Rxc8 31. Rxc8+ Rf8 32. Rxf8+ Qxf8 33. Qd7 Qf4 34. Qc8+ Bf8 35. g3 1-0

[Event "Omis op"]
[Site "Omis"]
[Date "2005.10.10"]
[Round "1"]
[White "Jankovic, Alojzije"]
[Black "Bradaric, Ratomir"]
[Result "1-0"]
[WhiteElo "2446"]
[BlackElo "2109"]
[PlyCount "67"]
[EventDate "2005.10.10"]
[EventType "swiss"]
[EventRounds "9"]
[EventCountry "CRO"]
[SourceTitle "CBM 108 Extra"]
[Source "ChessBase"]
[SourceDate "2005.11.04"]
[SourceVersion "1"]
[SourceVersionDate "2005.11.04"]
[SourceQuality "1"]

1. d4 d5 2. c4 Nf6 3. cxd5 Qxd5 4. Nc3 Qd8 5. e4 a6 6. g3 e6 7. Bg2 Be7 8. Nge2 0-0 9. 0-0 Nc6 10. f4 Rb8 11. h3 Bb4 12. Be3 Ba5 13. Na4 b5 14. Nc5 Bb6 15. Rc1 Ne7 16. Qb3 Kh8 17. g4 Nd7 18. e5 Bxc5 19. dxc5 c6 20. Nc3 Nd5 21. Bd4 f5 22. Nxd5 exd5 23. Qd3 fxg4 24. hxg4 Qh4 25. Qh3 Qxh3 26. Bxh3 Re8 27. g5 Kg8 28. e6 Nf8 29. f5 Rb7 30. Rce1 g6 31. e7 gxf5 32. exf8Q+ Rxf8 33. Kf2 Rbf7 34. Kf3 1-0

[Event "Kastela op"]
[Site "Kastela"]
[Date "2005.07.07"]
[Round "4"]
[White "Peric, Davor"]
[Black "Bradaric, Ratomir"]
[Result "0-1"]
[WhiteElo "1937"]
[BlackElo "2134"]
[PlyCount "62"]
[EventDate "2005.07.04"]
[EventType "swiss"]
[EventRounds "9"]
[EventCountry "CRO"]
[SourceTitle "EXT 2006"]
[Source "ChessBase"]
[SourceDate "2005.11.24"]
[SourceVersion "1"]
[SourceVersionDate "2005.11.24"]
[SourceQuality "1"]

1. d4 d5 2. c4 Nf6 3. g3 e6 4. Nf3 Be7 5. Bg2 c5 6. Qc2 cxd4 7. Nxd4 0-0 8. 0-0 Nc6 9. Nxc6 bxc6 10. Rd1 Bb7 11. Nc3 Rb8 12. Bf4 Bd6 13. Bxd6 Qxd6 14. e4 d4 15. f4 e5 16. Qe2 Rfe8 17. f5 Ba8 18. g4 Qb4 19. g5 Nd7 20. Rab1 Nc5 21. a3 Qb3 22. Qf2 dxc3 23. bxc3 Qxb1 24. Rxb1 Rxb1+ 25. Bf1 Nxe4 26. Qc2 Re1 27. Qd3 c5 28. Qd7 Rf8 29. f6 gxf6 30. gxf6 Kh8 31. Kg2 Rxf1 0-1

[Event "Kastela op"]
[Site "Kastela"]
[Date "2005.07.06"]
[Round "3"]
[White "Bradaric, Ratomir"]
[Black "Krnic, Ivan"]
[Result "0-1"]
[WhiteElo "2134"]
[BlackElo "2149"]
[PlyCount "97"]
[EventDate "2005.07.04"]
[EventType "swiss"]
[EventRounds "9"]
[EventCountry "CRO"]
[SourceTitle "EXT 2006"]
[Source "ChessBase"]
[SourceDate "2005.11.24"]
[SourceVersion "1"]
[SourceVersionDate "2005.11.24"]
[SourceQuality "1"]

1. e4 c5 2. Bc4 e6 3. Nc3 Nc6 4. a3 Nf6 5. d3 d5 6. exd5 exd5 7. Ba2 d4 8. Ne4 Nxe4 9. dxe4 Bd6 10. h3 0-0 11. Ne2 Be6 12. 0-0 Bxa2 13. Rxa2 Qe7 14. f3 f5 15. exf5 Rxf5 16. Qd3 Qe6 17. c4 dxc3 18. bxc3 Ne5 19. Qe4 Re8 20. Rb2 Nc4 21. Qxe6+ Rxe6 22. Ra2 h5 23. h4 Ne3 24. Bxe3 Rxe3 25. Kf2 Rd3 26. c4 Be7 27. Rh1 Bf6 28. Kg3 Re5 29. a4 Rb3 30. Rd1 Rb4 31. Rc1 Re3 32. Kf2 Reb3 33. Rcc2 Bxh4+ 34. g3 Bg5 35. f4 Bf6 36. Nc1 Bd4+ 37. Kg2 Re3 38. Ne2 Rbb3 39. a5 Bf6 40. a6 b6 41. Rd2 Re7 42. Rd6 Kf7 43. Rad2 h4 44. gxh4 Bxh4 45. Ng1 Rg3+ 46. Kh2 Rc3 47. Nh3 Rxc4 48. Ng5+ Bxg5 49. fxg5 0-1

[Event "Cvitanovic Memorial-B 10th"]
[Site "Split"]
[Date "2005.05.05"]
[Round "7"]
[White "Ivic, Mateo"]
[Black "Bradaric, Ratomir"]
[Result "1-0"]
[WhiteElo "2205"]
[BlackElo "2153"]
[PlyCount "81"]
[EventDate "2005.04.27"]
[EventType "swiss"]
[EventRounds "9"]
[EventCountry "CRO"]
[SourceTitle "EXT 2006"]
[Source "ChessBase"]
[SourceDate "2005.11.24"]
[SourceVersion "1"]
[SourceVersionDate "2005.11.24"]
[SourceQuality "1"]

1. e4 e5 2. Nf3 Nc6 3. Bb5 Bc5 4. 0-0 d6 5. c3 Bd7 6. d4 exd4 7. cxd4 Bb6 8. Nc3 a6 9. Ba4 h6 10. Nd5 Ba7 11. e5 Nge7 12. Nxe7 Nxe7 13. Re1 0-0 14. Bb3 d5 15. Be3 c6 16. Qd2 Nf5 17. Bc2 Nh4 18. Bxh6 Nxf3+ 19. gxf3 Qh4 20. Bf4 Qh5 21. Qd3 g6 22. Qe3 Bf5 23. Bxf5 Qxf5 24. Rad1 Rfe8 25. Bg5 Re6 26. Bf6 Qh5 27. Qf4 Bb6 28. Qg4 Qxg4+ 29. fxg4 Bd8 30. g5 Bxf6 31. gxf6 g5 32. Rd3 Kh7 33. Rg3 Rg8 34. Kg2 Rg6 35. Ree3 g4 36. f3 gxf3+ 37. Kxf3 c5 38. Rxg6 Kxg6 39. Kf4 cxd4 40. Rg3+ Kh6 41. Kf5 1-0

[Event "Cvitanovic Memorial-B 09th"]
[Site "Split"]
[Date "2004.05.07"]
[Round "6"]
[White "Bradaric, Ratomir"]
[Black "Saric, Branko"]
[Result "1-0"]
[WhiteElo "2157"]
[BlackElo "1949"]
[PlyCount "103"]
[EventDate "2004.05.02"]
[EventType "swiss"]
[EventRounds "7"]
[EventCountry "CRO"]
[SourceTitle "EXT 2005"]
[Source "ChessBase"]
[SourceDate "2004.11.15"]
[SourceVersion "1"]
[SourceVersionDate "2004.11.15"]
[SourceQuality "1"]

1. e4 c6 2. Bc4 d5 3. exd5 cxd5 4. Bb3 Nf6 5. d4 Bg4 6. f3 Bf5 7. Ne2 e6 8. 0-0 h6 9. Ng3 Bg6 10. Nc3 Bd6 11. Nce2 Qc7 12. c3 0-0 13. Kh1 Nc6 14. Be3 b5 15. Bc2 Bxc2 16. Qxc2 a5 17. Qd2 Kh7 18. Rab1 Rfb8 19. Qd3+ Kh8 20. a3 h5 21. Rfc1 g6 22. Bd2 Kg7 23. Qe3 Rh8 24. Qg5 h4 25. Nf1 Rae8 26. Nf4 Be7 27. Nh3 Rh5 28. Qe3 e5 29. Re1 e4 30. Nf4 Rh7 31. Qf2 Bd6 32. Nh3 Nd8 33. Bg5 Ng8 34. Bxh4 f5 35. Ne3 Qc6 36. Bxd8 Rxd8 37. f4 Be7 38. Ng5 Rh5 39. h4 Nf6 40. g3 Rdh8 41. Kg2 Rc8 42. Qe2 Nh7 43. Nxf5+ Kf6 44. Ne3 Kg7 45. Rf1 Qd7 46. Qg4 Qxg4 47. Nxg4 Rc6 48. Rf2 Bf6 49. Ne5 Rd6 50. f5 gxf5 51. Rxf5 Rh6 52. Ngf7 1-0

[Event "Bizovac Metalis op 10th"]
[Site "Bizovac"]
[Date "2003.02.28"]
[Round "4"]
[White "Kovacevic, Blazimir"]
[Black "Bradaric, Ratomir"]
[Result "1-0"]
[WhiteElo "2442"]
[BlackElo "2172"]
[PlyCount "78"]
[EventDate "2003.02.26"]
[EventType "swiss"]
[EventRounds "9"]
[EventCountry "CRO"]
[SourceTitle "CBM 092 Extra"]
[Source "ChessBase"]
[SourceDate "2003.03.07"]
[SourceVersion "1"]
[SourceVersionDate "2003.03.07"]
[SourceQuality "1"]

1. d4 d5 2. c4 e6 3. Nc3 Nf6 4. Bg5 Be7 5. cxd5 exd5 6. e3 c6 7. Bd3 Be6 8. Nf3 Nbd7 9. Qc2 h6 10. Bh4 Nh5 11. Bxe7 Qxe7 12. h3 Nhf6 13. 0-0 g5 14. Ne5 Nxe5 15. dxe5 Nd7 16. f4 gxf4 17. exf4 Nf8 18. Kh1 0-0-0 19. f5 Bd7 20. Rae1 Kb8 21. Rf4 Rg8 22. Qf2 Bc8 23. b4 Qc7 24. Na4 b6 25. Rh4 Re8 26. Rxh6 Rxe5 27. Rc1 Bb7 28. Bb5 Qe7 29. Rhxc6 Bxc6 30. Bxc6 Qxb4 31. Nc3 Qc4 32. Bb5 Qc7 33. Qf3 Qc5 34. Qf4 f6 35. a4 Kb7 36. Nxd5 Qd6 37. Qc4 Qc5 38. Ba6+ Kc6 39. Qb5+ Kd6 1-0

[Event "Zadar op"]
[Site "Zadar"]
[Date "2002.12.21"]
[Round "8"]
[White "Bradaric, Ratomir"]
[Black "Saric, Ante"]
[Result "1-0"]
[WhiteElo "2172"]
[BlackElo "2380"]
[PlyCount "138"]
[EventDate "2002.12.14"]
[EventType "swiss"]
[EventRounds "9"]
[EventCountry "CRO"]
[SourceTitle "CBM 091 Extra"]
[Source "ChessBase"]
[SourceDate "2003.01.09"]
[SourceVersion "1"]
[SourceVersionDate "2003.01.09"]
[SourceQuality "1"]

1. e4 c6 2. d3 d5 3. Nc3 e5 4. Nf3 Bb4 5. Bd2 d4 6. Nb1 Bxd2+ 7. Nbxd2 f6 8. Be2 Be6 9. 0-0 c5 10. b3 Nc6 11. Kh1 Qd7 12. a3 b6 13. Qe1 Qc7 14. Qd1 Nge7 15. Nh4 Qd7 16. Nhf3 0-0-0 17. Rb1 a5 18. Nc4 Kc7 19. Qe1 g5 20. Ng1 h5 21. Qd1 Rdg8 22. f3 Ng6 23. Qe1 Qe7 24. Bd1 g4 25. Ne2 gxf3 26. Rxf3 Rh6 27. Rf2 Qg7 28. Qf1 Nge7 29. Ng3 Qg5 30. Bf3 Qh4 31. Kg1 Qg5 32. Kh1 h4 33. Ne2 Bg4 34. Ng1 Bd7 35. Ne2 Qg7 36. Rd1 Ng6 37. Qe1 Nf8 38. Qd2 Ne6 39. Ng1 Ng5 40. Rdf1 Rg6 41. Bh5 Rh6 42. Bf3 Qe7 43. Qd1 Nd8 44. Qd2 Nc6 45. Qe1 Bc8 46. Qd2 Qg7 47. Qe2 Qg6 48. a4 Bd7 49. Na3 Nd8 50. Nc4 Rg7 51. Re1 Nde6 52. Nd2 Rh8 53. Qf1 Nf4 54. Ne2 Nge6 55. Nxf4 Nxf4 56. Rd1 Bg4 57. Bxg4 Qxg4 58. Nf3 Rhg8 59. Rdd2 Nh5 60. Ng1 Nf4 61. Nf3 Rg6 62. Qd1 Kd6 63. Qf1 Ke7 64. Qd1 Rh8 65. h3 Qc8 66. Qf1 Rg3 67. Nh2 Nh5 68. Qe1 Qg8 69. Ng4 Rh7 1-0

[Event "Zadar op"]
[Site "Zadar"]
[Date "2002.12.20"]
[Round "7"]
[White "Barbaric Vuk, Tadija"]
[Black "Bradaric, Ratomir"]
[Result "0-1"]
[WhiteElo "2136"]
[BlackElo "2172"]
[PlyCount "84"]
[EventDate "2002.12.14"]
[EventType "swiss"]
[EventRounds "9"]
[EventCountry "CRO"]
[SourceTitle "CBM 091 Extra"]
[Source "ChessBase"]
[SourceDate "2003.01.09"]
[SourceVersion "1"]
[SourceVersionDate "2003.01.09"]
[SourceQuality "1"]

1. e4 e5 2. Nf3 Nc6 3. Bb5 Bc5 4. 0-0 d6 5. c3 Bd7 6. d4 exd4 7. cxd4 Bb6 8. Nc3 Nge7 9. h3 0-0 10. Bg5 f6 11. Be3 Be8 12. Re1 Bh5 13. g4 Bg6 14. d5 Ne5 15. Bxb6 axb6 16. Nd4 Bf7 17. f4 N5g6 18. Qf3 Rc8 19. Bc4 Re8 20. a4 Ra8 21. Bb5 Rf8 22. Rac1 Rc8 23. Nce2 c6 24. dxc6 bxc6 25. Nxc6 Nxc6 26. Bxc6 Ne7 27. Bd5 Nxd5 28. exd5 Rxc1 29. Rxc1 Re8 30. Nd4 Qa8 31. Nf5 Bxd5 32. Qd3 Be4 33. Qb3+ Bd5 34. Qxb6 Qxa4 35. Qc7 Bf7 36. Qxd6 Qe4 37. Qd4 Qf3 38. Rc8 Rxc8 39. Ne7+ Kh8 40. Nxc8 Bd5 41. Qd2 Qg3+ 42. Kf1 Bc4+ 0-1

[Event "Zadar op"]
[Site "Zadar"]
[Date "2000.12.10"]
[Round "2"]
[White "Gagarin, Vasilij"]
[Black "Bradaric, Ratomir"]
[Result "1-0"]
[WhiteElo "2395"]
[BlackElo "2185"]
[PlyCount "57"]
[EventDate "2000.12.09"]
[EventType "swiss"]
[EventRounds "9"]
[EventCountry "CRO"]
[SourceTitle "CBM 079 Extra"]
[Source "ChessBase"]
[SourceDate "2001.01.11"]
[SourceVersion "2"]
[SourceVersionDate "2001.01.25"]
[SourceQuality "1"]

1. e4 e5 2. Nf3 Nc6 3. Bb5 Bc5 4. 0-0 d6 5. c3 Bd7 6. d4 exd4 7. cxd4 Bb6 8. Nc3 a6 9. Ba4 Nge7 10. h3 0-0 11. Bg5 Qe8 12. Re1 Ba5 13. Bb3 Bxc3 14. bxc3 Na5 15. e5 Ng6 16. exd6 Qc8 17. Be7 Nxb3 18. Qxb3 Re8 19. Ng5 Nh8 20. c4 h6 21. Nf3 Ng6 22. c5 c6 23. Rab1 Rb8 24. Ne5 Nxe5 25. dxe5 Be6 26. Qg3 Qd7 27. Bf6 g6 28. Rb4 Kh7 29. Rh4 1-0

[Event "Zadar op"]
[Site "Zadar"]
[Date "1997.??.??"]
[Round "1"]
[White "Bradaric, Ratomir"]
[Black "Lalic, Bogdan"]
[Result "0-1"]
[WhiteElo "2190"]
[BlackElo "2600"]
[PlyCount "98"]
[EventDate "1997.12.??"]
[EventType "swiss"]
[EventRounds "9"]
[EventCountry "CRO"]
[SourceTitle "EXT 1999"]
[Source "ChessBase"]
[SourceDate "1998.11.16"]
[SourceVersion "1"]
[SourceVersionDate "1998.11.16"]
[SourceQuality "1"]

1. e4 c5 2. Bc4 e6 3. Nc3 a6 4. a3 Nc6 5. d3 Nf6 6. Bg5 Be7 7. Nf3 h6 8. Bxf6 Bxf6 9. Qd2 0-0 10. 0-0 Rb8 11. a4 d6 12. h3 b6 13. Nh2 d5 14. Ba2 dxe4 15. Nxe4 Bxb2 16. Rab1 f5 17. Rxb2 fxe4 18. Ng4 h5 19. Nh2 Qf6 20. Rbb1 exd3 21. Qxd3 Nb4 22. Qd6 Rb7 23. Bc4 Rd8 24. Qg3 b5 25. axb5 axb5 26. Be2 Nxc2 27. Bxh5 Nd4 28. Rbe1 Rf8 29. Bd1 Qf4 30. Qc3 Rf5 31. Bg4 Rd5 32. Nf3 b4 33. Qa1 Qd6 34. Nxd4 Rxd4 35. Re3 b3 36. Qb2 c4 37. Rfe1 Rd2 38. Qb1 Qd4 39. Qg6 Rf7 40. Bxe6 Bxe6 41. Rxe6 Rdxf2 42. Re8+ Rf8 43. Kh1 b2 44. Qe6+ Kh7 45. Rxf8 Rxf8 46. Qe2 c3 47. Qc2+ g6 48. Rd1 Rf2 49. Qb3 c2 0-1

[Event "Kastel Stari op"]
[Site "Kastel Stari"]
[Date "1997.??.??"]
[Round "2"]
[White "Bradaric, Ratomir"]
[Black "Stevic, Hrvoje"]
[Result "0-1"]
[WhiteElo "2210"]
[BlackElo "2400"]
[PlyCount "68"]
[EventDate "1997.04.11"]
[EventType "swiss"]
[EventRounds "9"]
[EventCountry "CRO"]
[SourceTitle "CBM 057 Extra"]
[Source "ChessBase"]
[SourceDate "1997.05.01"]
[SourceVersion "1"]
[SourceVersionDate "1997.05.01"]
[SourceQuality "1"]

1. e4 c5 2. Bc4 e6 3. Nc3 Nc6 4. a3 Nf6 5. d3 d5 6. exd5 exd5 7. Ba2 Be7 8. Nge2 0-0 9. 0-0 Be6 10. Ng3 Qd7 11. Bg5 h6 12. Bxf6 Bxf6 13. Qd2 b5 14. Nh5 Be5 15. Rae1 b4 16. axb4 cxb4 17. Nd1 Bg4 18. Ng3 Bxd1 19. Qxd1 Bxb2 20. Qf3 Bc3 21. Rc1 Rad8 22. Nf5 Nd4 23. Nxd4 Bxd4 24. c4 bxc3 25. Qf4 Bf6 26. Rc2 Rfe8 27. Bb1 Rb8 28. d4 Bg5 29. Qg3 Bd2 30. Qd3 Qb5 31. Rxd2 cxd2 32. Qh7+ Kf8 33. Qh8+ Ke7 34. Qxg7 Qxf1+ 0-1